000 01562cam a2200313 i 4500
999 _c58089
_d58089
001 20725202
005 20221108134134.0
008 181030s2019 nyu b 001 0 eng
020 _a9781462537914x
041 _aeng
080 _a616.89 P-41
100 1 _aPennington, Bruce Franklin
_d
_912022
245 1 0 _aDiagnosing learning disorders :
_bfrom science to practice /
_cBruce F. Pennington, Lauren M. McGrath, Robin L. Peterson.
250 _aThird edition.
264 1 _aNew York :
_bThe Guilford Press,
_c2019.
300 _a399 pages :
_billustrations ;
_c27 cm.
653 _aსწავლის უნარის შეზღუდვა
653 _aНарушения обучаемости
653 _aПСИХОЛОГИЯ / Психотерапия / Дети и подростки
653 _aფსიქოლოგია / ფსიქოთერაპია / ბავშვი და მოზარდი
653 _aყურადღების დეფიციტის ჰიპერაქტიურობის აშლილობა
653 _aСиндром дефицита внимания и гиперактивности
653 _aაუტიზმი ბავშვებში
653 _aАутизм у детей
700 _aMcGrath, Lauren M.
_eავტორი
_912023
700 _aPeterson, Robin L.
_eავტორი
_912024
856 _uhttps://books.google.ge/books?id=-2uADwAAQBAJ&source=gbs_ViewAPI&redir_esc=y
_yელ. ვერსია
942 _cBK
_2udc